Characteisation of a family of eIF-5A cDNAs from Hevea brasiliensis (Record no. 55356)

MARC details
000 -LEADER
fixed length control field 01074nam a2200241Ia 4500
100 ## - MAIN ENTRY--AUTHOR NAME
Personal name Chow K S
245 #0 - TITLE STATEMENT
Title Characteisation of a family of eIF-5A cDNAs from Hevea brasiliensis
260 ## - PUBLICATION, DISTRIBUTION, ETC. (IMPRINT)
Name of publisher Journal of Rubber Research
Year of publication 2003
300 ## - PHYSICAL DESCRIPTION
Number of Pages 107-120
520 ## - SUMMARY, ETC.
Summary, etc Nine unique cDNAs from a Hevea brasiliensis latex library encoding the rubber biosynthesis stimulator protein (RBSP), previously identified as the eukaryotic translation initiation factor 5A, were isolated. At the amino acid level, seven protein isoforms were deducted from the cDNA sequences. Northern analysis revealed RBSP to be more highly expressed in latex than in leaves but its expression in latex was not significantly altered by ethephon treatment.
650 ## - SUBJECT ADDED ENTRY--TOPICAL TERM
Topical Term Biosynthesis stimulator
650 ## - SUBJECT ADDED ENTRY--TOPICAL TERM
Topical Term cDNA
650 ## - SUBJECT ADDED ENTRY--TOPICAL TERM
Topical Term Characterisation
650 ## - SUBJECT ADDED ENTRY--TOPICAL TERM
Topical Term cis-polyisoprene
650 ## - SUBJECT ADDED ENTRY--TOPICAL TERM
Topical Term eIF-5A
650 ## - SUBJECT ADDED ENTRY--TOPICAL TERM
Topical Term Hevea brasiliensis
650 ## - SUBJECT ADDED ENTRY--TOPICAL TERM
Topical Term Isolation
650 ## - SUBJECT ADDED ENTRY--TOPICAL TERM
Topical Term Latex
700 ## - ADDED ENTRY--PERSONAL NAME
Personal name Han K H
700 ## - ADDED ENTRY--PERSONAL NAME
Personal name Lim Salimah Mohd
942 ## - ADDED ENTRY ELEMENTS (KOHA)
Koha item type Journals
Holdings
Withdrawn status Lost status Damaged status Not for loan Home library Current library Shelving location Date acquired Serial Enumeration / chronology Koha item type
      Journals RRII Library RRII Library Physiology 17/12/2021 Volume 6, Issue 2 Journals